000 00560cab a2200217 4500
001 A222
008 090401t1983 xxu||||| |||| 00| 0 eng d
035 _a(Sirsi) u27877
041 _aeng
100 _aMulquiney, Allan
245 4 _aThe use of equated yield techniques: a case study
260 _c1983
350 _a0
490 _aJournal of Valuation
_v1(3) 1983, 229-238(9)
650 _aEQUATED YIELD TECHNIQUES
650 _aVALUATION METHODS
690 _aRATING AND VALUATION
700 _aAllen, Simon
942 _n0
948 _c04/03/1997
999 _c18790
_d18790